| 000 | 00765cam a2200241 4500 | ||
|---|---|---|---|
| 001 | J2016 | ||
| 008 | 090401t1993 xxu||||| |||| 00| 0 eng d | ||
| 035 | _a(Sirsi) u46769 | ||
| 041 | _aeng | ||
| 050 | _a692.8 | ||
| 090 | _aJCT 1993/1A | ||
| 110 |
_aJoint Contracts Tribunal _93664 |
||
| 245 | _aStandard form of Building Contract 1980 edition ... amendment 10 and guidance notes issued March 1991. Corrected March 1993. | ||
| 260 |
_aLondon _bRIBA Publications Ltd _c1993 |
||
| 300 | _a32p. ; 30cm. | ||
| 350 | _a0 | ||
| 520 | _aCopies of original contracts filed at JCT 1980/2-7. | ||
| 650 | _aJCT STANDARD FORM OF CONTRACT 1980 | ||
| 650 | _aSUBCONTRACTS | ||
| 690 | _aBUILT ENVIRONMENT-BUILDING CONTRACT FORMS | ||
| 942 | _n0 | ||
| 948 | _c04/03/1997 | ||
| 999 |
_c91993 _d91993 |
||